Obálka Náhled e-knihy:
PDF Epub
Pro půjčování e-knih musíte být přihlášeni.
Jak si půjčit online?

Labyrint stôp /

Na idylickom vidieku v Salisbury objaví psičkárka ľudské pozostatky v jazvečej nore. O pár dní sa v neďalekom rybníku objaví druhá obeť a inšpektor Ford je presvedčený, že vraždy spolu súvisia. Obete sa našli v blízkosti panstva Alverchalke. Jednou obeťou bol ekoaktivista, druhou drobný kriminálnik...

Celý popis

Uloženo v:
Série:Detektiv Henry Ford, část 2
Hlavní autor: Maslen, Andy (Autor)
Médium: E-kniha
Jazyk:Czech
Vydáno: Praha : Albatros Media Slovakia s.r.o., 2025
Příbuzné jednotky:Z cyklu:: Detektiv Henry Ford
Tagy:
Žádné tagy
LEADER 01561nam a22002417i 4500
001 302683
007 ta
008 260514s2025 xr ||||| |||| 00| 0 cze d
020 |a 9788056647325 
044 |a xr 
100 1 |a  Maslen, Andy  |4 aut 
245 1 0 |a Labyrint stôp /  |c  Maslen, Andy 
240 1 0 |a Land Rites 
264 1 |a Praha :  |b Albatros Media Slovakia s.r.o.,  |c 2025 
300 |a 1 online zdroj (368 stran) 
336 |a text  |b txt  |2 rdacontent 
337 |a bez média  |b n  |2 rdamedia 
338 |a online zdroj  |b cr  |2 rdacarrier 
520 2 |a Na idylickom vidieku v Salisbury objaví psičkárka ľudské pozostatky v jazvečej nore. O pár dní sa v neďalekom rybníku objaví druhá obeť a inšpektor Ford je presvedčený, že vraždy spolu súvisia. Obete sa našli v blízkosti panstva Alverchalke. Jednou obeťou bol ekoaktivista, druhou drobný kriminálnik a pytliak. Inšpektor Ford a doktorka Fellowesová sú presvedčení, že v tomto prípade ide o viac než len o nedovolené vniknutie na pozemok, a snažia sa nájsť skryté prepojenie... 
787 0 8 |g 2  |i Z cyklu:  |t Detektiv Henry Ford 
910 |a RBIT002 
998 |d 426939  |a https://core.palmknihy.cz/api/books/426939/cover?tesghv  |b https://core.palmknihy.cz/api/books/426939/cover/400?tesghv  |c https://core.palmknihy.cz/api/books/426939/cover/50?tesghv  |e 2029-07-14  |g 368  |i 9788056647325  |j https://core.palmknihy.cz/api/books/426939/preview.epub  |k https://core.palmknihy.cz/api/books/426939/preview.pdf  |l   |q 49  |r 1  |s https://www.palmknihy.cz/kniha/426939  |t ebook  |y 2025  |z 1  |v Detektiv Henry Ford  |w 2 
999 |d 302681